000 00698nam a2200217 a 4500
999 _c2379
_d2379
001 2379
003 BD-JhCC
005 20171101184046.0
008 171101s2008 bg |||| ||a| 00| 0 ben d
035 _a(BD-JhCC) 2379
040 _aBD-JhCC
_dBD-JhCC
041 _aben
082 _a320
_bROB 2008
100 _aরব, অধ্যাপক এফ এম আবদুর
245 _aজনগনের অপ্রিয় সত্য কথা /
_c অধ্যাপক এফ এম আবদুর রব
260 _aঢাকা :
_bহাসান বুক ডিপো ,
_c2008
300 _a88 p .:
_c22 cm .
650 _aPolitical science
942 _2ddc
_cBK